[Event "AUTO-OPEN-2313"]
[Site "http://www.queenalice.com/game.php?id=918204"]
[Date "2011.3.27"]
[Round "1"]
[White "dartking"]
[Black "arrabi"]
[Result "0-1"]
[WhiteElo "1810"]
[BlackElo "2001"]

1. d4 d5 2. c4 c6 3. Nf3 Nf6 4. Nc3 g6 5. Bf4 Bg7 6. e3 O-O 7. Be2 e6 8. O-O
Nbd7 9. Rc1 Nh5 10. Bg3 Nxg3 11. hxg3 f6 12. e4 Nb6 13. c5 dxe4 14. Nxe4 Nd5 15.
Re1 g5 16. Nfd2 f5 17. Nd6 Bxd4 18. Nxc8 Rxc8 19. Nf3 Bf6 20. Bf1 Re8 21. Ne5 g4
22. Qb3 b5 23. cxb6 axb6 24. Rxc6 Bxe5 25. Rxc8 Qxc8 26. Rxe5 Kg7 27. Bc4 Qc7
28. Re2 Nf6 29. Rxe6 Rxe6 30. Bxe6 Qc1+ 31. Kh2 Qc5 32. Qc3 Qxc3 33. bxc3 Ne4
34. Bxf5 Nxc3 35. Bxg4 Nxa2 36. Be6 Nc3 37. g4 b5 38. Kg3 b4 39. Kf3 Kf6 40. Bc4
Ke5 41. g3 Kd4 42. Bb3 Ne4 43. Bc2 Ng5+ 44. Ke2 Kc3 45. Bb1 h6 46. f4 Ne6 47. g5
hxg5 48. fxg5 Nxg5 49. Ke3 b3 50. Kf4 Ne6+ 51. Ke5 Ng5 52. Kf4 Nh3+ 53. Ke3 Kb2
54. Bf5 Ng5 55. Kf4 Nf7 56. g4 Nd6 57. g5 Nxf5 58. Kxf5 Kc1 59. g6 b2 60. g7
b1=Q+ 61. Kf6 Qb3 0-1

[Event "AUTO-OPEN-2313"]
[Site "http://www.queenalice.com/game.php?id=918205"]
[Date "2011.3.27"]
[Round "1"]
[White "arrabi"]
[Black "dartking"]
[Result "1/2-1/2"]
[WhiteElo "2047"]
[BlackElo "1806"]

1. e4 e5 2. Bc4 Nf6 3. d3 Nc6 4. a4 Bc5 5. c3 a5 6. h3 d5 7. exd5 Nxd5 8. Qf3
Be6 9. Ne2 O-O 10. O-O Qd7 11. Nd2 Rad8 12. Ne4 Bb6 13. Kh1 h6 14. Bd2 f5 15.
N4g3 Kh8 16. Ng1 Rde8 17. Rfe1 Qf7 18. Nxf5 Qxf5 19. Bxd5 Bxd5 20. Qxd5 Qxf2 21.
Re2 Qg3 22. Nf3 Rf6 23. d4 Rd8 24. Qe4 exd4 25. Be1 Qd6 1/2-1/2

[Event "AUTO-OPEN-2313"]
[Site "http://www.queenalice.com/game.php?id=918206"]
[Date "2011.3.27"]
[Round "1"]
[White "dartking"]
[Black "dadge"]
[Result "0-1"]
[WhiteElo "1816"]
[BlackElo "2202"]

1. c4 Nf6 2. d4 d5 3. Nc3 e6 4. Nf3 Be7 5. Bf4 c6 6. e3 Nbd7 7. Qc2 Nh5 8. Bg3
O-O 9. Bd3 g6 10. O-O-O dxc4 11. Bxc4 Nb6 12. Be2 Nd5 13. e4 Nb4 14. Qb3 a5 15.
a3 Na6 16. e5 b5 17. Ne4 a4 18. Qc2 Bb7 19. Kb1 Nc7 20. Nc5 Bc8 21. Nd2 Ng7 22.
h4 Nf5 23. Nde4 Nd5 24. h5 b4 25. hxg6 fxg6 26. Bc4 bxa3 27. bxa3 Qa5 28. f3
Nxd4 29. Rxd4 Bxc5 30. Nxc5 Qxc5 31. Rd3 Ba6 32. Rc1 Rfb8+ 33. Ka2 Rb6 34. Bxa6
Qxc2+ 35. Rxc2 Raxa6 36. Bf2 Rb8 37. Bc5 Kf7 38. g3 g5 39. Rh2 Kg6 40. Bd6 Rb7
41. f4 g4 42. Rc2 Rab6 43. Bc5 Rb3 44. Rcd2 Nc3+ 0-1

[Event "AUTO-OPEN-2313"]
[Site "http://www.queenalice.com/game.php?id=918208"]
[Date "2011.3.27"]
[Round "1"]
[White "dartking"]
[Black "Aborigen"]
[Result "1-0"]
[WhiteElo "1811"]
[BlackElo "1984"]

1. e4 c5 2. Nf3 d6 3. d4 cxd4 4. Nxd4 e5 5. Nb3 Nf6 6. Nc3 Be7 7. Be2 O-O 8. O-O
a6 9. a4 Nc6 10. Be3 Be6 11. Qd2 Bxb3 12. cxb3 Rc8 13. Rfd1 Qd7 14. f3 Rfd8 15.
a5 Rf8 16. Na4 Rcd8 17. Nb6 Qc7 18. Rac1 Qb8 19. Bxa6 Nd7 20. Bc4 Nxb6 21. Bxb6
Rc8 22. b4 h6 23. b5 Nd8 24. Bd5 Ne6 25. g3 Ng5 26. Kg2 Ne6 27. Qb4 Rxc1 28.
Rxc1 Nc5 29. Qc4 g6 30. b4 Nd7 31. Be3 Nf6 32. b6 Kg7 33. b5 Nxd5 34. Qxd5 Rc8
35. Rxc8 Qxc8 36. a6 bxa6 37. b7 Qb8 38. bxa6 1-0

[Event "AUTO-OPEN-2313"]
[Site "http://www.queenalice.com/game.php?id=918209"]
[Date "2011.3.27"]
[Round "1"]
[White "Aborigen"]
[Black "dartking"]
[Result "1-0"]
[WhiteElo "1918"]
[BlackElo "1814"]

1. e4 d6 2. d4 Nf6 3. Bd3 g6 4. f4 Bg7 5. Nf3 O-O 6. O-O Nbd7 7. c3 c6 8. e5
dxe5 9. fxe5 Nd5 10. Qe1 N7b6 11. Nbd2 h6 12. Ne4 Bf5 13. Nh4 Bc8 14. Ng3 Qe8
15. Bd2 Be6 16. Qc1 h5 17. Nf3 Rc8 18. Bh6 c5 19. Bxg7 Kxg7 20. Nxh5+ Kh7 21.
Ng5+ Kg8 22. Nxe6 fxe6 23. Qh6 1-0

[Event "AUTO-ADV-2110"]
[Site "http://www.queenalice.com/game.php?id=918411"]
[Date "2011.3.28"]
[Round "1"]
[White "technicaldraw"]
[Black "dartking"]
[Result "1-0"]
[WhiteElo "1931"]
[BlackElo "1813"]

1. e4 e5 2. Nf3 Nc6 3. Bb5 a6 4. Bxc6 dxc6 5. O-O Bg4 6. h3 h5 7. d4 exd4 8.
Qxd4 Bxf3 9. Qxd8+ Rxd8 10. gxf3 Bc5 11. Nc3 Ne7 12. Be3 O-O 13. Bxc5 1-0

[Event "AUTO-ADV-2110"]
[Site "http://www.queenalice.com/game.php?id=918412"]
[Date "2011.3.28"]
[Round "1"]
[White "dartking"]
[Black "technicaldraw"]
[Result "0-1"]
[WhiteElo "1800"]
[BlackElo "2017"]

1. d4 d5 2. c4 c6 3. Nf3 Nf6 4. Nc3 e6 5. e3 Nbd7 6. Bd3 dxc4 7. Bxc4 b5 8. Bd3
Bd6 9. O-O O-O 10. a3 Bb7 11. Qe2 a6 12. e4 e5 13. Bg5 h6 14. Bxf6 Qxf6 15. d5
cxd5 16. Nxd5 Bxd5 17. exd5 Nc5 18. Nd2 Nxd3 19. Qxd3 Rfd8 20. Ne4 Qg6 21. Rfd1
Rac8 22. Qe2 Rc4 23. Rac1 Rxe4 0-1

[Event "AUTO-ADV-2110"]
[Site "http://www.queenalice.com/game.php?id=918425"]
[Date "2011.3.28"]
[Round "1"]
[White "LeandroSouza"]
[Black "dartking"]
[Result "0-1"]
[WhiteElo "1697"]
[BlackElo "1834"]

1. e4 e5 2. d3 Nf6 3. h3 Nc6 4. Nf3 d5 5. Bg5 Be7 6. Nc3 Be6 7. Bxf6 Bxf6 8. a3
O-O 9. exd5 Bxd5 10. Be2 Be6 11. Qd2 Qd7 12. Ne4 Be7 13. Nfg5 Bf5 14. Bh5 Bg6
15. Bxg6 hxg6 16. O-O Rad8 17. b4 Nd4 18. Nc5 Qf5 19. Nge4 b6 20. Ng3 Qc8 21.
Nce4 c5 22. bxc5 Bxc5 23. Nxc5 Qxc5 24. Rfc1 Qd5 25. Ne4 Ne6 26. Nc3 Qd7 27. Re1
f6 28. a4 Nf4 29. Ne2 g5 30. Nxf4 gxf4 31. a5 f3 32. Qe3 fxg2 33. Kxg2 Qc6+ 34.
Kf1 Qxc2 35. axb6 axb6 36. Ra3 Rd4 37. Qe2 Qc5 38. Rea1 Qc6 39. f3 Qe6 40. Qg2
Qf5 41. Ke2 Rfd8 42. Ra8 Qxd3+ 43. Kf2 Qd2+ 44. Kg3 Qf4+ 45. Kf2 Rd2+ 46. Kg1
Rxg2+ 47. Kxg2 Qd2+ 48. Kg3 Rxa8 49. Rxa8+ Kh7 50. Rb8 Qe1+ 51. Kg2 b5 52. h4 b4
53. h5 Qc3 54. Rb7 b3 55. h6 Kxh6 56. Kg3 b2 57. Kg4 Qd4+ 58. Kg3 Qg1+ 59. Kh3
b1=Q 60. Rxb1 Qxb1 61. Kg4 f5+ 0-1

[Event "AUTO-ADV-2110"]
[Site "http://www.queenalice.com/game.php?id=918426"]
[Date "2011.3.28"]
[Round "1"]
[White "dartking"]
[Black "LeandroSouza"]
[Result "1-0"]
[WhiteElo "1793"]
[BlackElo "1730"]

1. d4 d5 2. c4 dxc4 3. e3 b5 4. a4 c6 5. axb5 cxb5 6. Qf3 Bb7 7. Qxb7 Nd7 8.
Qxb5 e6 9. Bxc4 Nf6 10. Nf3 Bd6 11. Nc3 O-O 12. O-O h6 13. e4 Ng4 14. h3 Ngf6
15. e5 Nd5 16. exd6 Nxc3 17. bxc3 Nf6 18. Ba3 a6 19. Qe5 Nd7 20. Qg3 a5 21. Bb5
Rb8 22. c4 Rb6 23. Bxd7 Qxd7 24. c5 Rb3 25. Ne5 Rxg3 26. Nxd7 Rd8 27. fxg3 Rxd7
28. c6 Ra7 29. d7 Ra8 30. c7 f5 31. d8=Q+ Rxd8 32. cxd8=Q+ Kf7 33. Qe7+ Kg6 34.
Qxe6+ Kg5 35. h4+ Kg4 36. Qxf5+ Kxg3 37. Qf4# 1-0

[Event "AUTO-ADV-2110"]
[Site "http://www.queenalice.com/game.php?id=918435"]
[Date "2011.3.28"]
[Round "1"]
[White "dartking"]
[Black "minusel"]
[Result "1-0"]
[WhiteElo "1788"]
[BlackElo "1948"]

1. Nf3 d5 2. g3 Bf5 3. Bg2 Qd7 4. d3 Bh3 5. O-O Bxg2 6. Kxg2 e6 7. c4 Nf6 8.
cxd5 exd5 9. Bg5 Be7 10. Nbd2 h6 11. Bxf6 Bxf6 12. Qc2 Nc6 13. Rac1 O-O 14. e3
Bd8 15. Nb3 Nb4 16. Qb1 c6 17. a3 Na6 18. d4 Nc7 19. Nc5 Qc8 20. b4 Ne6 21. b5
Ng5 22. Nxg5 Bxg5 23. Nd3 Bf6 24. bxc6 b6 25. Qb5 Qf5 26. Nb4 Be7 27. Nxd5 Bxa3
28. Ne7+ 1-0

[Event "AUTO-ADV-2110"]
[Site "http://www.queenalice.com/game.php?id=918436"]
[Date "2011.3.28"]
[Round "1"]
[White "minusel"]
[Black "dartking"]
[Result "1/2-1/2"]
[WhiteElo "1985"]
[BlackElo "1802"]

1. e4 e5 2. Nf3 Nc6 3. Bb5 a6 4. Ba4 Nf6 5. O-O Be7 6. Re1 b5 7. Bb3 O-O 8. c3
d5 9. exd5 Nxd5 10. Nxe5 Nxe5 11. Rxe5 c6 12. d4 Bd6 13. Re1 Qh4 14. g3 Qh3 15.
Qf3 Bg4 16. Qg2 Qh5 17. Qf1 Rae8 18. Bd2 f5 19. Na3 Kh8 20. Rxe8 Rxe8 21. Bd1 f4
22. Bxg4 Qxg4 23. f3 Qg6 24. g4 Ne3 25. Bxe3 fxe3 26. Qe2 Bf4 27. Nc2 Qd6 28.
Re1 Re6 29. h4 Qe7 30. h5 Qg5 31. Qg2 a5 32. Re2 Qd5 1/2-1/2

[Event "AUTO-OPEN-2189"]
[Site "http://www.queenalice.com/game.php?id=933099"]
[Date "2011.5.2"]
[Round "2"]
[White "dartking"]
[Black "ThiagoNeves"]
[Result "0-1"]
[WhiteElo "1792"]
[BlackElo "2325"]

1. d4 Nf6 2. c4 c5 3. d5 e6 4. Nc3 exd5 5. cxd5 d6 6. e4 g6 7. Nf3 Bg7 8. Be2
O-O 9. O-O Re8 10. Nd2 Nbd7 11. Qc2 a6 12. a4 Ne5 13. f4 Neg4 14. Nc4 Nh5 15.
Rf3 Qh4 16. h3 Qe1+ 17. Rf1 Bd4+ 18. Be3 Nxe3 19. Nxe3 Bxe3+ 0-1

[Event "AUTO-OPEN-2189"]
[Site "http://www.queenalice.com/game.php?id=933100"]
[Date "2011.5.2"]
[Round "2"]
[White "ThiagoNeves"]
[Black "dartking"]
[Result "1-0"]
[WhiteElo "2326"]
[BlackElo "1790"]

1. e4 c6 2. Nc3 d5 3. Nf3 Bg4 4. h3 Bh5 5. Be2 e6 6. O-O Nd7 7. d4 dxe4 8. Nxe4
Ngf6 9. Ng3 Bg6 10. Bf4 Be7 11. c4 O-O 12. Nh4 Qa5 13. Nxg6 hxg6 14. a3 c5 15.
dxc5 Qxc5 16. b4 Qc8 17. Qb3 1-0

[Event "AUTO-OPEN-2189"]
[Site "http://www.queenalice.com/game.php?id=933101"]
[Date "2011.5.2"]
[Round "2"]
[White "dartking"]
[Black "linoprof"]
[Result "1/2-1/2"]
[WhiteElo "1809"]
[BlackElo "1968"]

1. d4 d5 2. c4 dxc4 3. e3 Be6 4. e4 b5 5. a4 c6 6. axb5 cxb5 7. Nf3 Nf6 8. d5
Nxe4 9. dxe6 Qxd1+ 10. Kxd1 Nxf2+ 11. Ke2 Nxh1 12. exf7+ Kxf7 13. g4 Ng3+ 14.
hxg3 Nc6 15. Nc3 b4 16. Ne4 c3 17. bxc3 bxc3 18. Nfg5+ Ke8 19. Be3 h6 20. Ne6
Kf7 21. N4c5 Ne5 22. Bd4 Nxg4 23. Bxc3 Nf6 24. Kf2 g5 25. Bc4 Kg6 26. Bd3+ Kf7
27. Bc4 Kg6 28. Bd3+ Kf7 29. Bc4 1/2-1/2

[Event "AUTO-OPEN-2189"]
[Site "http://www.queenalice.com/game.php?id=933102"]
[Date "2011.5.2"]
[Round "2"]
[White "linoprof"]
[Black "dartking"]
[Result "1-0"]
[WhiteElo "1958"]
[BlackElo "1802"]

1. e4 c6 2. Nf3 d5 3. exd5 cxd5 4. d4 Nf6 5. Bd3 Nc6 6. O-O Bg4 7. c3 e6 8. Bf4
Be7 9. Nbd2 O-O 10. Qb3 b6 11. h3 Bh5 12. Rfe1 Rc8 13. Ba6 Na5 14. Qa4 Qd7 15.
Qxd7 Nxd7 16. Bxc8 Rxc8 17. Re3 b5 18. b4 Nc4 19. Nxc4 Rxc4 20. a4 1-0

[Event "QA-ANNIV-07"]
[Site "http://www.queenalice.com/game.php?id=950743"]
[Date "2011.6.16"]
[Round "1"]
[White "dartking"]
[Black "secretguy"]
[Result "0-1"]
[WhiteElo "1813"]
[BlackElo "2306"]

1. d4 Nf6 2. c4 e6 3. Nc3 Bb4 4. Qc2 b6 5. Bg5 Bb7 6. Nf3 h6 7. Bh4 O-O 8. e3 a5
9. a3 Be7 10. Be2 d6 11. O-O Nbd7 12. Rfd1 Nh5 13. Bxe7 Qxe7 14. Rac1 f5 15. b4
axb4 16. axb4 g6 17. d5 e5 18. Nb5 Ndf6 19. Nd2 Ng7 0-1

[Event "AUTO-OPEN-2393"]
[Site "http://www.queenalice.com/game.php?id=951582"]
[Date "2011.6.19"]
[Round "1"]
[White "jepoy100"]
[Black "dartking"]
[Result "1-0"]
[WhiteElo "1952"]
[BlackElo "1840"]

1. e4 c5 2. Nf3 Nc6 3. Bc4 e6 4. d3 d5 5. exd5 exd5 6. Bb3 Be7 7. O-O Nf6 8. Re1
O-O 9. Nc3 h6 10. Bf4 Bg4 11. h3 Bh5 12. g4 Bg6 13. a3 Re8 14. Qd2 Nd4 15. Ne5
Nd7 16. Bxd5 Nxe5 17. Bxe5 Qxd5 18. Nxd5 Nf3+ 19. Kg2 Nxd2 20. Nc7 c4 21. Bc3
cxd3 22. Bxd2 Kf8 23. cxd3 Rad8 24. Nxe8 Rxe8 25. d4 1-0

[Event "AUTO-OPEN-2393"]
[Site "http://www.queenalice.com/game.php?id=951583"]
[Date "2011.6.19"]
[Round "1"]
[White "dartking"]
[Black "jepoy100"]
[Result "0-1"]
[WhiteElo "1815"]
[BlackElo "1707"]

1. d4 d5 2. c4 e6 3. Nf3 Nf6 4. Nc3 h6 5. Bf4 a6 6. e3 Bd6 7. Bg3 Bxg3 8. hxg3
Nc6 9. Bd3 Bd7 10. c5 b6 11. Qe2 Qe7 0-1

[Event "AUTO-OPEN-2393"]
[Site "http://www.queenalice.com/game.php?id=951608"]
[Date "2011.6.19"]
[Round "1"]
[White "dartking"]
[Black "skorpion"]
[Result "0-1"]
[WhiteElo "1845"]
[BlackElo "2609"]

1. d4 d5 2. c4 c6 3. Nf3 Nf6 4. Nc3 e6 5. Bf4 dxc4 6. e3 b5 7. Ne5 Bb4 8. Be2
Nd5 9. Qc2 Qa5 10. Rc1 Qxa2 11. O-O Bxc3 12. bxc3 Qxc2 13. Rxc2 f6 0-1

[Event "AUTO-OPEN-2393"]
[Site "http://www.queenalice.com/game.php?id=951609"]
[Date "2011.6.19"]
[Round "1"]
[White "skorpion"]
[Black "dartking"]
[Result "1-0"]
[WhiteElo "2605"]
[BlackElo "1815"]

1. e4 c5 2. c3 Nf6 3. e5 Nd5 4. d4 Nc6 5. Nf3 e6 6. c4 Nb6 7. d5 exd5 8. cxd5
Nb4 9. d6 h6 10. a3 Nc6 11. a4 a5 12. Nc3 g6 13. Nb5 1-0

[Event "AUTO-OPEN-2393"]
[Site "http://www.queenalice.com/game.php?id=951610"]
[Date "2011.6.19"]
[Round "1"]
[White "dartking"]
[Black "cleber"]
[Result "0-1"]
[WhiteElo "1843"]
[BlackElo "2171"]

1. d4 Nf6 2. c4 c5 3. d5 e6 4. Nc3 exd5 5. cxd5 d6 6. e4 g6 7. Qc2 Bg7 8. Nf3
O-O 9. Be2 a6 10. a4 Bg4 11. O-O Nbd7 12. Bg5 h6 13. Bf4 Ne8 0-1

[Event "AUTO-OPEN-2393"]
[Site "http://www.queenalice.com/game.php?id=951611"]
[Date "2011.6.19"]
[Round "1"]
[White "cleber"]
[Black "dartking"]
[Result "1-0"]
[WhiteElo "2168"]
[BlackElo "1828"]

1. e4 c5 2. Nc3 Nc6 3. g3 Nf6 4. Bg2 g6 5. d3 Bg7 6. f4 d6 7. Nf3 O-O 8. O-O e6
9. Be3 Bd7 10. Kh1 a6 11. h3 b5 12. a3 Rb8 13. g4 b4 14. axb4 cxb4 15. Ne2 a5
16. Qe1 Ne8 17. Ng5 1-0